Normal view MARC view
  • COSMOPOLITISMO

Entry Materia

Number of records used in: 3

001 - NÚMERO DE CONTROL DEL REGISTRO

  • campo de control: 8923

003 - IDENTIFICADOR DE NUMERO DE CONTROL

  • campo de control: UPN

005 - FECHA Y HORA DE LA ÚLTIMA TRANSACCIÓN

  • campo de control: 20210219193730.0

008 - DATOS DE LONGITUD FIJA

  • campo de control de longitud fija: nabaccnnaabn|||||||||| b |nc|||||d

035 ## - NÚMERO DE CONTROL DEL SISTEMA

  • Número de control del sistema: UPN10000008929

040 ## - FUENTE DE LA CATALOGACIÓN

  • Lengua de catalogación: SPA
  • Agencia de transcripción: UPN

150 ## - ENCABEZAMIENTO - TEMÁTICO

  • Término de materia o nombre geográfico como elemento inicial: COSMOPOLITISMO

450 ## - VÉASE - MATERIA

  • Encabezamiento temático: Cosmopolitanismo

670 ## - FUENTE EN LA QUE SE LOCALIZARON DATOS

  • Cita de la fuente: LC
  • Información localizada: Cosmopolitanism

680 ## - NOTA GENERAL CON DESPLIEGUE PÚBLICO

  • Texto explicativo: Aquí se asientan las obras sobre la creencia, la búsqueda de un estilo de vida individual que refleja el deseo o la habilidad de incorporar formas, costumbres políticas y sociales, así como lenguas de diferentes lugares del mundo. Los trabajos sobre la doctrina que enfoca a la actividad política como debería de ser la condición humana más que los intereses de una nación en particular se asientan bajo
  • Encabezamiento: INTERNACIONALISMO

902 ## - CATALOGADOR

  • Catalogador: CAA/200208